Matrices and indefinite scalar products

Αποθηκεύτηκε σε:
Λεπτομέρειες βιβλιογραφικής εγγραφής
Κύριοι συγγραφείς: Gohberg, I. (Israel), 1928-2009, Lancaster, Peter, 1929- (Συγγραφέας), Rodman, L. (Συγγραφέας)
Μορφή: Βιβλίο
Γλώσσα:English
Δημοσίευση: Basel ; Boston : Birkhäuser Verlag, c1983.
Σειρά:Operator theory, advances and applications ; 8
Θέματα:
Ετικέτες: Προσθήκη ετικέτας
Δεν υπάρχουν, Καταχωρήστε ετικέτα πρώτοι!

MARC

LEADER 00000nam a2200000 a 4500
001 1/126116
008 230208t1983 sz | ||| |||| ||eng||
020 |a 376431527X 
040 |a GR-MyUa  |b gre  |c GR-MyUa  |e AACR2 
041 0 |a eng 
082 7 |a 512.9434  |2 (23) 
100 1 |a Gohberg, I.   |q (Israel),   |d 1928-2009. 
245 1 0 |a Matrices and indefinite scalar products /   |c I. Gohberg, P. Lancaster, and L. Rodman.  
260 |a Basel ;   |a Boston :   |b Birkhäuser Verlag,   |c c1983.  
300 |a xvii, 374 σ. :   |b εικ. ;   |c 24 εκ.  
490 1 |a (Operator theory, advances and applications ;   |v 8) 
504 |a Περιέχει βιβλιογραφικές αναφορές και ευρετήριο.  
650 0 |a Matrices. 
650 0 |a Linear operators. 
650 0 |a Indefinite inner product spaces. 
700 1 |a Lancaster, Peter,   |d 1929-  |e aut 
700 1 |a Rodman, L.  |e aut 
830 0 |a Operator theory, advances and applications ;  |v 8 
970 |a Γουβάλα  |b Βάσω  |z 08-02-2023